Представление документа в формате RUSMARC

ПолеНазваниеЗначение
  Тип записи a
  Библиографический уровень m
001 Контрольный номер RuMoRGB-007977810
005 Дата корректировки 20201206205017.3
010 Индекс ISBN __
a ISBN 978-5-87107-918-8 (в пер.)
d Цена 238-60
100 Данные общей обработки __
a Данные общей обработки 19160831d2015||||||| 0rusy0189 ca
101 Язык документа 0_
a Язык текста rus
102 Страна публикации __
a Страна публикации ru
105 Кодированные данные (монография) __
a Кодированные данные (монография) ab||||||0||zy
200 Заглавие и сведения об ответственности 1_
a Заглавие Царь Алексей Михайлович, 19 марта 1629 - 29 января 1676
e Сведения, относящиеся к заглавию [12+]
f Первые сведения об ответственности Ольга Новохатко ; [редактор Е. Сазонов]
b Общее обозначение материала Текст
210 Выходные данные __
a Место издания Москва
c Издательство Комсомольская правда
d Дата издания 2015
215 Физическое описание __
a Объем 95 с.
c Иллюстрации/тип воспроизводства портр., цв. ил.
d Формат 25 см
225 Серия __
a Серия Правители России
v Обозначение тома т. 15
330 Аннотация __
a Аннотация Царь Алексей Михайлович Романов... Тишайший. Тишайший - это значит молчаливый, боязливый, опасливый, безынициативный. Человек в футляре. Корона в несгораемом шкафу. Так думают потомки? И совершено зря! Это был настоящий царь. Пусть доброго и веселого нрава. Но этот нрав моментально слетал с него, как только кто-то имел несчастье его прогневать. И тогда виновник жестоко платил за ошибку. Будь это простой смертный, или сам церковный патриарх. Никон, осмелившийся предложить поставить божью власть (точнее - власть ее наместников на земле) выше царской, был, судим, и заточен в монастыре. А поляки, попытавшиеся откусить от сладкого пирога Руси, обломали зубы о несколько войн. И вел против них русское войско сам царь. Именно Алексей Михайлович реформировал отечественные войска на иностранный манер. Начинал он и ряд иных реформ, которые были воплощены в жизнь спустя лишь 20, 50, а то и 100 лет. При нем присоединилась к России Украина. При нем богатства земли русской Сибирью прирастать стали. И все это безо всякого шума.
333 Примечание о целевом назначении __
a Примечание о целевом назначении 12+. Для детей старше 12 лет
600 Персоналии __
a Персоналии (Фамилия) Алексей Михайлович
c Дополнение к имени царь русский
f Даты 1629-1676
600 Персоналии __
a Персоналии (Фамилия) Алексей Тишайший
c Дополнение к имени царь русский
f Даты 1629-1676
g Полное имя Алексей Михайлович
600 Персоналии __
a Персоналии (Фамилия) Романовы
606 Тематические рубрики __
a Основная рубрика История
606 Тематические рубрики __
a Основная рубрика Россия в IX - XVII вв.
z Хронологическая подрубрика 17 в.
y Географическая подрубрика Российское государство
610 Ключевые слова __
a Ключевые слова биографии
a Ключевые слова биографические данные
a Ключевые слова биографические материалы
a Ключевые слова биографические сведения
a Ключевые слова военные реформы
a Ключевые слова государственные деятели
a Ключевые слова историческая литература
a Ключевые слова исторические деятели
a Ключевые слова исторические факты
a Ключевые слова монетные реформы
a Ключевые слова персоналии
a Ключевые слова русско-польская война
a Ключевые слова цари
686 Индексы других классификаций __
2 Код системы rubbks
a Классификационный индекс 63.3(2)45-8; ст63.3(2)45-8
700 Автор _1
a Фамилия Новохатко
b Имя О. В.
g Полное личное имя Ольга Владимировна
4 Код отношения 070
702 Вторичная интеллектуальная ответственность _1
a Фамилия Сазонов
b Имя Е.
4 Код отношения Редактор
4 Код отношения 340
801 Источник записи _0
a Страна ru
b Организация Муниципальное бюджетное учреждение культуры "Централизованная библиотечная система" г. Сургут (Центральная городская библиотека им. А. С. Пушкина)
c Дата составления 20160831
g Правила каталогизации КиК/Апакова
801 Источник записи _1
a Страна ru
b Организация Муниципальное бюджетное учреждение культуры "Централизованная библиотечная система" г. Сургут (Центральная городская библиотека им. А. С. Пушкина)
c Дата составления 20160831
g Правила каталогизации КиК/Апакова
852 Данные о местонахождении __
j Шифр хранения 63.3(2)45-8
i Авторский знак Н 76
901 Тип документа __
t Тип документа m
903 Характеристики (МАРС) __
a Дата передачи 20160831
990 Данные о заказе (DOS) __
j Количество экземпляров (DOS) 9
t N записи в КСУ для И/У (DOS) 201609